| 000 | 01051nam a22002657a 4500 | ||
|---|---|---|---|
| 005 | 20170124102940.0 | ||
| 010 | _aB-171605 | ||
| 020 |
_c150.00 _a8189850083 |
||
| 035 | _aB-171605 | ||
| 037 | _bCen Lib/Ret | ||
| 040 |
_aDPL _bHN |
||
| 082 |
_a821 _bजैनसु |
||
| 100 |
_aजैनसु ,सुनीता _948121 |
||
| 245 |
_aप्रेम में स्त्री / _cसुनीता जैन |
||
| 246 |
_aPrem me stri _bby Sunita Jain |
||
| 260 |
_aगाज़ियाबाद _bरेमाधव पब्लिकेशन _c2006 |
||
| 270 |
_aसी-22,तृतीय तल आर.डी.सी.राजनगर _bगाज़ियाबाद |
||
| 300 |
_a105पृष्ठ. _c21सेमी (सजिल्द) |
||
| 500 | _a | ||
| 650 |
_aहिंदी साहित्य _948122 |
||
| 650 |
_aकविता -संग्रह _97 |
||
| 650 |
_ahindi literature _948123 |
||
| 650 |
_aPoetry Collection _948124 |
||
| 942 |
_2ddc _cHN _h821 _mजैन्सू |
||
| 999 |
_c112546 _d112546 |
||